| 000 | 01474nam a22003731i 4500 | ||
|---|---|---|---|
| 001 | 10817971 | ||
| 003 | EG-ScBUE | ||
| 005 | 20250527083228.0 | ||
| 008 | 980115r20081981enka f b 001 0 eng d | ||
| 020 | _a9780750626354 | ||
| 040 |
_aEG-ScBUE _beng _erda _dEG-ScBUE _cEG-ScBUE |
||
| 041 | 1 |
_aeng _hrus |
|
| 082 | 0 | 4 |
_a530.44 _bLIF _222 |
| 100 | 1 |
_aLifshit︠s︡, E. M. _q(Evgeniĭ Mikhaĭlovich), _938483 _eauthor. |
|
| 240 | 1 | 0 |
_aFizicheskaya Kinetika. _lEnglish |
| 245 | 1 | 0 |
_aPhysical kinetics / _cE. M. Lifshitz, L. P. Pitaevskii, Institute of Physical Problems, U.S.S.R. Academy of Sciences ; translated from the Russian by J. B. Sykes and R. N. Franklin. |
| 250 | _aReprinted edition. | ||
| 264 | 1 |
_aOxford : _bButterworth-Heinemann / Elsevier, _c2008. |
|
| 300 |
_axi, 452 pages : _billustrations ; _c24 cm. |
||
| 336 |
_2rdacontent _atext _btxt |
||
| 337 |
_aunmediated _2rdamedia _bn |
||
| 338 |
_avolume _bnc _2rdacarrier |
||
| 490 | 0 |
_aCourse of theoretical physics ; _vvolume 10 |
|
| 504 | _aIncludes bibliographical references and index. | ||
| 546 | _aText in English ; translated from the original Russian language. | ||
| 650 | 7 |
_aPlasma (Ionized gases) _2BUEsh |
|
| 650 | 7 |
_aKinetic theory of gases. _2BUEsh |
|
| 650 | 7 |
_aSolid state physics. _2BUEsh |
|
| 655 | _vReading book | ||
| 700 | 1 |
_aPitaevskiĭ, L. P. _q(Lev Petrovich), _eauthor. |
|
| 700 | 1 |
_aSykes, J. B., _etranslator. |
|
| 700 | 1 |
_aFranklin, R. N., _etranslator. |
|
| 942 |
_2ddc _cBB |
||
| 999 |
_c20920 _d20892 |
||